The noble scholar, jurist, historian


 His Excellency Dr. Abdul Wahhab bin Ibrahim Abu Sulaiman, may Allah have mercy on him.


 He was born in Umm Al-Qura in the year 1356 AH.

الدليل الببليوجرافي للقيم الثقافية العربية المعاصرة. (Record no. 7156)

MARC details
000 -LEADER
fixed length control field 01262cam a22002531i 4500
003 - CONTROL NUMBER IDENTIFIER
control field SA-RiAUC
005 - DATE AND TIME OF LATEST TRANSACTION
control field 20250418125953.0
008 - FIXED-LENGTH DATA ELEMENTS--GENERAL INFORMATION
fixed length control field 250327s1973 ua g b f000 0 ara c
040 ## - CATALOGING SOURCE
Original cataloging agency SA-MuMU
Language of cataloging ara
Transcribing agency SA-RiAUC
Description conventions rda
082 04 - DEWEY DECIMAL CLASSIFICATION NUMBER
Classification number 016.306091751
090 ## - LOCALLY ASSIGNED LC-TYPE CALL NUMBER (OCLC); LOCAL CALL NUMBER (RLIN)
Classification number (OCLC) (R) ; Classification number, CALL (RLIN) (NR) 016.306091751
Local cutter number (OCLC) ; Book number/undivided call number, CALL (RLIN) د ل ي
245 02 - TITLE STATEMENT
Title الدليل الببليوجرافي للقيم الثقافية العربية المعاصرة.
264 #1 - PRODUCTION, PUBLICATION, DISTRIBUTION, MANUFACTURE, AND COPYRIGHT NOTICE
Place of production, publication, distribution, manufacture القاهرة :
Name of producer, publisher, distributor, manufacturer الهيئة المصرية العامة للكتاب،
Date of production, publication, distribution, manufacture, or copyright notice 1973
300 ## - PHYSICAL DESCRIPTION
Extent 2 مجلد ؛
Dimensions 24 سم
336 ## - CONTENT TYPE
Content type term نص
Content type code txt
Source rdacontent
Materials specified كتاب
337 ## - MEDIA TYPE
Media type term بدون وسيط
Media type code n
Source rdamedia
338 ## - CARRIER TYPE
Carrier type term مجلد
Carrier type code nc
Source rdacarrier
505 0# - FORMATTED CONTENTS NOTE
Formatted contents note المحتويات : مجلد 1. اللغة العربية والأدب، العلوم الإسلامية، العمارة والفنون التشكيلية، الفلسفة، العلوم الطبيعية، الموسيقى والغناء- مجلد 2. اجتماع، تاريخ، قانون، تربية وعلم نفس، جغرافيا، اقتصاد وسياسة.
590 ## - LOCAL NOTE (RLIN)
Local note زكي.
650 #7 - SUBJECT ADDED ENTRY--TOPICAL TERM
Topical term or geographic name entry element الثقافة العربية
Form subdivision ببليوجرافيات
Source of heading or term aucsh
942 ## - ADDED ENTRY ELEMENTS (KOHA)
Source of classification or shelving scheme Dewey Decimal Classification
Koha item type Books
Suppress in OPAC No
949 ## - LOCAL PROCESSING INFORMATION (OCLC)
a SA-JeALM
d 250327
u mohamedma123
n 1
Holdings
Withdrawn status Lost status Source of classification or shelving scheme Materials specified (bound volume or other part) Damaged status Not for loan Home library Current library Date acquired Total checkouts Full call number Barcode Date last seen Price effective from Koha item type
    Dewey Decimal Classification المجلد الاول     DR AbdElwahab Library DR AbdElwahab Library 04/18/2025   016.306091751 د ل ي 000011924 04/18/2025 04/18/2025 Books
    Dewey Decimal Classification المجلد الثاني     DR AbdElwahab Library DR AbdElwahab Library 05/23/2025   016.306091751 د ل ي 000013515 05/23/2025 05/23/2025 Books